书目信息 |
| 题名: |
政治经济学的形而上学
|
|
| 作者: | 杨洪源 著 | |
| 分册: | ||
| 出版信息: | 北京 中国人民大学出版社 2015 |
|
| 页数: | 11,483页 | |
| 开本: | 24cm | |
| 丛书名: | 马克思主义研究论库 | |
| 单 册: | ||
| 中图分类: | F0 | |
| 科图分类: | ||
| 主题词: | 政治经济学--Zheng Zhi Jing Ji Xue--形而上学--对比研究 | |
| 电子资源: | ||
| ISBN: | 978-7-300-21332-3 | |
| 000 | 01475nam0 22002891 450 | |
| 001 | 350985 | |
| 005 | 20161011153052.50 | |
| 010 | @a978-7-300-21332-3@dCNY88.00 | |
| 100 | @a20150811d2015 em y0chiy50 ea | |
| 101 | 0 | @achi@eeng |
| 102 | @aCN@b110000 | |
| 105 | @ay z 001yy | |
| 106 | @ar | |
| 200 | 1 | @a政治经济学的形而上学@AZheng Zhi Jing Ji Xue De Xing Er Shang Xue@e《哲学的贫困》与《贫困的哲学》比较研究@dThe metaphysics of political economics@ecomparative research on the Poverty of Philosophy and the Philosophy of Poverty@f杨洪源著@zeng |
| 210 | @a北京@c中国人民大学出版社@d2015 | |
| 215 | @a11,483页@d24cm | |
| 225 | 2 | @a马克思主义研究论库@AMa Ke Si Zhu Yi Yan Jiu Lun Ku@h第一辑 |
| 300 | @a国家出版基金项目 | |
| 330 | @a本书悉心比较了《哲学的贫困》与《贫困的哲学》这两本著述与马克思全面批判后者的《贫困的哲学》之间在各个观点及其论证逻辑上的差异,明确了“政治经济学的形而上学”意义,为重新理解马克思独特的“政治经济学—哲学批判”提供了扎实的文本基础。 | |
| 461 | 0 | @12001 @a马克思主义研究论库 |
| 510 | 1 | @aMetaphysics of political economics@ecomparative research on the Poverty of Philosophy and the Philosophy of Poverty@zeng |
| 517 | 1 | @a《哲学的贫困》与《贫困的哲学》比较研究@AZhe Xue De Pin Kun Yu Pin Kun De Zhe Xue Bi Jiao Yan Jiu |
| 606 | 0 | @a政治经济学@AZheng Zhi Jing Ji Xue@x形而上学@x对比研究 |
| 690 | @aF0@v5 | |
| 701 | 0 | @a杨洪源@AYang Hong Yuan@f(1989~)@4著 |
| 801 | 0 | @aCN@bTANGWEI@c20160811 |
| 905 | @b0892655-8@dF0@e489@f4 | |
| 政治经济学的形而上学:《哲学的贫困》与《贫困的哲学》比较研究=The metaphysics of political economics:comparative research on the Poverty of Philosophy and the Philosophy of Poverty/杨洪源著.-北京:中国人民大学出版社,2015 |
| 11,483页;24cm.-(马克思主义研究论库.第一辑) |
| 国家出版基金项目 |
| ISBN 978-7-300-21332-3:CNY88.00 |
| 本书悉心比较了《哲学的贫困》与《贫困的哲学》这两本著述与马克思全面批判后者的《贫困的哲学》之间在各个观点及其论证逻辑上的差异,明确了“政治经济学的形而上学”意义,为重新理解马克思独特的“政治经济学—哲学批判”提供了扎实的文本基础。 |
| ● |
| 相关链接 |
|
|
|
|
正题名:政治经济学的形而上学
索取号:F0/489
 
预约/预借
| 序号 | 登录号 | 条形码 | 馆藏地/架位号 | 状态 | 备注 |
| 1 | 0892655 | 208926554 | 第一样本阅览室/ [索取号:F0/489] | 在馆 | |
| 2 | 0892656 | 208926563 | 第一借阅区/ [索取号:F0/489] | 在馆 | |
| 3 | 0892657 | 208926572 | 第一借阅区/ [索取号:F0/489] | 在馆 | |
| 4 | 0892658 | 208926581 | 密集书库-海洋学院/ [索取号:F0/489] | 在馆 |